| 000 | 00451nam a2200181Ia 4500 | ||
|---|---|---|---|
| 001 | 1839 | ||
| 005 | 20260306143758.0 | ||
| 008 | 260306t2016||||xx |||||||||||||| ||spa|| | ||
| 041 | _aESP | ||
| 082 |
_a155.7 _bB45 |
||
| 100 |
_aBerger, Kathleen Stassen _eAUT |
||
| 245 | 0 |
_aPsicologĂa del desarrollo: _binfancia y adolescencia |
|
| 260 | _c2016 | ||
| 300 |
_a529 páginas : _c29 cm. |
||
| 650 | _aGEN | ||
| 654 | _aCPS | ||
| 942 |
_cLIB _dJUS _fJUS _2ddc _n |
||
| 999 |
_c1839 _d1839 |
||